01285cam a22002775a 45000010009000000050017000090080041000260200025000670400033000920430012001250820021001371000027001582450062001852500012002472600034002593000025002935000024003185040031003425050294003736500061006676510051007286530034007799420021008139990017008349520156008511722605620151021121143.0120326s2013 nyu frb 001 0 eng d a9780415491273 (pbk.) aDLCbengcDLCdDLCdEG-ScBUE aaw-----04a338.956bWIL2221 aWilson, Rodney.93853410aEconomic development in the Middle East /cRodney Wilson. a2nd ed. aNew York :bRoutledge,c2013. aix, 205 p. ;c24 cm. aIndex : p. 196-205. aBibliography : p. 172-195.0 aModelling Middle East economic development -- Growth and structural change -- Population growth and employment -- Capital markets, savings and investment -- An Islamic model for economic development -- Oil and development -- International and intra-regional trade -- The role of the state. 0aEconomic development xReligious aspectsxIslam.2BUEsh 0aMiddle EastxEconomic conditionsy1979-2BUEsh bBUSBOLcJune2015cOctober2015 2ddck338.956 WIL c19751d19723 00102ddc40708AlahramaMAINbMAINc1STd2015-06-18ePurchaseg273.00h319l6m5o338.956 WILp000038664r2025-07-15 00:00:00s2019-10-08v341.25yBB